[Event "Villa Martelli Ann 50th"]
[Site "Villa Martelli"]
[Date "2005.08.18"]
[Round "2"]
[White "Felgaer, Ruben Alejandro"]
[Black "Rodriguez Vila, Andres"]
[Result "1-0"]
[WhiteElo "2618"]
[BlackElo "2523"]
[Annotator "Ribli,Z"]
[PlyCount "75"]
[EventDate "2005.08.17"]
[EventType "tourn"]
[EventRounds "10"]
[EventCountry "ARG"]
[EventCategory "13"]
[SourceTitle "CBM 109"]
[Source "ChessBase"]
[SourceDate "2005.11.14"]
[SourceVersion "1"]
[SourceVersionDate "2005.11.14"]
[SourceQuality "1"]

1. c4 d6 2. Nc3 e5 3. g3 g6 4. Bg2 Bg7 5. e3 Nc6 6. Nge2 Be6 {Meiner Meinung
nach ist dieser Läuferzug nicht die beste Fortsetzung für Schwarz. Besser ist
6...Nge7, 6...f5 oder 6...h5.} 7. d4 {Dieser Zug ist die beste Fortsetzung für
Weiß; die Alternativen 6.b3, 6.d3 und 6.Nd5 sind weniger stark.} exd4 (7...
Bxc4 8. d5 Bxe2 (8... Nb8 9. Qa4+ b5 10. Nxb5 Bxb5 11. Qxb5+ $16) 9. Qxe2 Nb8
10. Qb5+ Nd7 11. Qxb7 $14) 8. Nxd4 Bd7 9. O-O Nge7 10. Nde2 {[%csl Yd5] Mit
diesem Zug vermeidet Weiß den Springertausch, der vorteilhaft für Schwarz wäre.
Bei dieser Bauernstruktur ist das Feld d5 ein permanentes positionelles Loch
in der schwarze Stellung.} (10. b3 O-O 11. Bb2 Nxd4 12. exd4 Nf5 13. d5 Re8 14.
Qd2 Nd4 15. Ne4 Bf5 16. Bxd4 Bxe4 17. Rfe1 Bxg2 18. Kxg2 Bxd4 19. Qxd4 a6 20.
h4 h5 21. Re3 Rxe3 22. Qxe3 Qe8 {1/2-1/2 Schlosser,P-Krush,I/Noyon 2005/(45)})
(10. Nce2 O-O 11. b3 Qc8 12. Bb2 Bh3 13. Qd2 Bxg2 14. Kxg2 Ne5 15. Nf4 {
1-0 Potomak,V-Zatloukal,P/CZE 1999/EXT 2000 (40)}) 10... Ne5 {Schwarz
verzögert die Rochade - er bereitet das Läufermanöver 11...Bc6 vor.} (10... O-O
11. b3 Qc8 (11... Bg4 12. Bb2 Qd7 13. Qd2 Bh3 14. Rfd1 Bxg2 15. Kxg2 h5 16. h3
Rad8 17. Rac1 Rfe8 18. Nd5 {1-0 Cvitan,O-Rasic,D/Pula 2001/(68)}) (11... a6 12.
Bb2 b5 13. cxb5 axb5 14. Qd2 Rb8 15. Ne4 Nf5 16. Bxg7 Nxg7 17. Rac1 {1-0
Hauchard,A-Libiszewski,F/Clermont-Ferrand 2003/(39)}) 12. Bb2 Bh3 13. Bxh3 Qxh3
14. Nf4 $14 {[%csl Yd5][%cal Gf4d5]} Qd7 15. Qe2 {[%cal Gf1d1,Gd1d7,Ga1d1]} Ne5
16. Rad1 Rae8 17. Ba1 Qc6 $6 (17... f5 $5) 18. Nfd5 Qd7 19. Nxe7+ Rxe7 20. c5
$1 {. 1-0 Delchev,A-De Vreugt,D/Ohrid 2001/CBM 84/[Ribli] (58)}) 11. b3 (11.
Bxb7 Rb8 12. Bg2 (12. Ba6 $2 Rb6 $36) 12... Nxc4 13. b3 Nb6 14. Qc2 (14. Bb2
Nc4) 14... O-O 15. Bb2 $14) (11. c5 $5) 11... Bc6 12. e4 {Weiß möchte - mit
Raumvorteil - die Figuren nicht tauschen.} (12. Bb2 Bxg2 13. Kxg2 O-O 14. Nf4
Qd7 $11) 12... f5 (12... O-O 13. f4 (13. Be3 f5 14. Nd4 (14. f4 Ng4) 14... Qd7
15. Nxc6 (15. Nd5 fxe4 16. Bxe4 Ng4) 15... bxc6 $11) 13... Nd7 14. Nd4 $14) 13.
Nd4 Qd7 14. Nd5 {[%mdl 32]} O-O $6 {Die Rochade erfolgt zum falschen Zeitpunkt,
denn nun erlangt Weiß deutlichen Positionsvorteil.} (14... fxe4 15. Bxe4 O-O
16. Bg5 $14) 15. Bg5 $1 Bxd5 16. exd5 $16 {[%csl Ye6,Gg2,Gg5][%cal Gd4e6] Weiß
hat Raumvorteil und das Läuferpaar. Das Feld e6 ist eine Schwächung in der
schwarzen Stellung, in das Weiß früher oder später mit Ne6 eindringen kann.} h6
17. Bc1 {Weiß spielt konsequent und vereinfacht das Spiel nicht durch
Figurentausch.} (17. Bxe7 Qxe7 18. Ne6) 17... Rf7 (17... c6 $2 18. Ne6 $1 Rf7 (
18... Nf3+ 19. Qxf3 Bxa1 20. Bxh6 $18) 19. Nxg7 Kxg7 20. dxc6 N7xc6 21. Qd2 $16
) 18. f4 (18. Ne6 Nf3+ 19. Qxf3 Bxa1 20. Bxh6 $44) 18... Ng4 19. Rb1 (19. h3
Nf6 20. Ne6 Ne4 (20... Bh8 21. Rb1 $16 (21. Bb2 $2 Nfxd5 $132)) 21. Nxg7 Kxg7
22. Bb2+ Kh7 23. Qd3 Re8 24. Rae1 $16) 19... c6 (19... c5 20. Ne6 $16) 20. Ne6
{[%csl Ge6] Der weiße Springer paralysiert auf e6 die schwarze Stellung.} cxd5
(20... Bh8) 21. cxd5 (21. Nxg7 Kxg7 22. cxd5 $16 {[%csl Gc1,Gg2,Rg7][%cal
Gc1b2,Gb2g7]}) 21... Bh8 22. Qd3 a6 {[%cal Gd7b5,Gb5d3] Mit diesem ruhigen
Wartezug bereitet Schwarz 23...Qb5 vor.} 23. h3 (23. Bb2 Qb5 $14) 23... Nf6 24.
a4 Kh7 {Schwarz verbessert seine Königsstellung, aber das sofortige 24...Re8!?
kommt auch in Betracht.} (24... Re8 $5 {[%cal Gf6e4]}) 25. Re1 Re8 26. Bd2 (26.
Bb2 $2 Nexd5 $1 27. Bxd5 Nxd5 28. Qxd5 Rfe7) 26... b5 (26... Nexd5 27. Bxd5
Rfe7 {Die Idee des schwarzen Figurenopfers besteht in der Drohung 28...Nxd5 29.
Qxd5 Rxe6.} (27... Nxd5 28. Qxd5 Rfe7 29. Nd4 $18) 28. g4 $1 Nxd5 29. gxf5 gxf5
30. Qxf5+ Kg8 31. Qg6+ (31. Qxd5 Rxe6 32. f5 Qc6) 31... Bg7 32. f5 $16) 27. Kh2
(27. axb5 Qxb5 (27... axb5 28. Rbc1 $16) 28. Qxb5 axb5 29. Nc7 $16) 27... bxa4
28. bxa4 Qxa4 29. Rb6 {[%cal Rb6a6,Rb6d6]} Rc8 (29... Qd7 30. Qxa6 {[%csl Rd6]}
Nc8 (30... Qc8 31. Qd3 $16) 31. Rc6 $16) 30. Rxd6 Ne4 $132 {[%mdl 2048] Nach
diesem Zug neutralisiert Schwarz den g2-Läufer und bekommt Gegenspiel.} (30...
Qc2 31. Qe2 Ne4 32. Bxe4 fxe4 33. Rxa6 Nxd5 $132) 31. Nd8 (31. Bxe4 fxe4 32.
Rxe4 Qc2 33. Qe2 Nf5 34. Rxa6 (34. Rb6 Bc3 35. Bxc3 Qxc3 36. Qg2 Ne3 $132)
34... Qb3 {[%cal Rb3g3,Rb3d5]} 35. Qg2 Qxd5 $14) 31... Rf6 32. Re6 (32. Rxf6
Bxf6 33. Ne6 Rc2 $1) 32... Rxe6 33. Nxe6 (33. dxe6 Rc2 $1 $17) 33... Qc2 34.
Qa3 Bf6 (34... Re8 $5) 35. Be3 Rb8 $2 (35... Qc3 $1 36. Qxc3 Rxc3 37. d6 Nxd6
38. Bc5 Ne4 39. Bxe4 fxe4 40. Rxe4 $11) 36. Bd4 $16 Rb3 37. Qa4 {[%cal Ga4c2,
Ra4e8]} Bh4 (37... Bxd4 38. Qxd4 Qc3 (38... Qb2 39. d6 Nc6 40. Qxb2 Rxb2 41.
Rc1 $18) 39. Qxc3 Rxc3 40. Bxe4 fxe4 41. d6 Nc6 42. Rxe4 Rd3 43. d7 $18) 38.
Qe8 $18 1-0

[Event "Prague Chip"]
[Site "Prague"]
[Date "1992.??.??"]
[Round "12"]
[White "Rogers, Ian"]
[Black "Watson, William N"]
[Result "1/2-1/2"]
[WhiteElo "2550"]
[BlackElo "2535"]
[Annotator "Ribli,Z"]
[PlyCount "97"]
[EventDate "1992.01.??"]
[EventType "tourn"]
[EventRounds "13"]
[EventCountry "CZE"]
[EventCategory "11"]
[SourceTitle "CBM 027"]
[Source "ChessBase"]
[SourceDate "1992.04.01"]
[SourceVersion "1"]
[SourceVersionDate "1992.04.01"]
[SourceQuality "1"]

1. c4 e5 2. Nc3 d6 3. g3 g6 4. Bg2 Bg7 5. e3 Nc6 6. Nge2 h5 7. d4 h4 8. d5 Nb8
$5 9. e4 Bg4 10. h3 (10. Qa4+ Kf8 11. Ng1 Na6 12. f3 Bd7 13. Qd1 Bh6 14. Bxh6+
Nxh6 15. Qd2 Kg7 $13 {Cvetkovic,Sr-Topalov,V Vrnjacka Banja 1991 CBM/23}) 10...
Bxe2 11. Qxe2 Nd7 12. Be3 Bh6 13. O-O-O Kf8 14. Kb1 Kg7 $10 15. Bf3 Qe7 16. Bg4
Nb6 (16... Ngf6 $5) 17. b3 Nf6 18. a4 Bxe3 19. Qxe3 hxg3 20. fxg3 Nxg4 21. hxg4
Rxh1 22. Rxh1 Rh8 23. Rxh8 Kxh8 24. Nb5 $5 (24. a5 $5 Nc8 25. g5 $14) 24... a6
25. Nxd6 Qxd6 26. c5 Qf6 27. cxb6 cxb6 28. g5 Qd6 29. Kb2 Kg7 30. Qf2 Qd8 31.
Qd2 Qd6 32. Ka2 Kf8 33. Qc3 Kg7 34. Kb2 Qe7 35. Qd2 Qd6 36. a5 b5 37. Ka2 Kf8
38. Qc1 Kg7 39. Qa3 Qd8 $1 40. d6 Qxg5 41. Qb2 Kf6 42. Qc3 Ke6 43. Qd3 Qd8 44.
Qd5+ Kf6 45. b4 Qd7 46. g4 g5 47. Kb2 Qc6 48. Kb3 Qd7 49. Kb2 1/2-1/2

[Event "EU-ch 4th"]
[Site "Istanbul"]
[Date "2003.06.01"]
[Round "3"]
[White "Kharlov, Andrei"]
[Black "Kobalia, Mihail"]
[Result "1-0"]
[WhiteElo "2581"]
[BlackElo "2639"]
[Annotator "Ribli,Z"]
[PlyCount "99"]
[EventDate "2003.05.30"]
[EventType "swiss"]
[EventRounds "13"]
[EventCountry "TUR"]
[SourceTitle "CBM 096"]
[Source "ChessBase"]
[SourceDate "2003.09.25"]
[SourceVersion "1"]
[SourceVersionDate "2003.09.25"]
[SourceQuality "1"]

1. c4 {Ftacnik} Nf6 2. Nc3 e5 3. g3 Bb4 {Dieser Zug wird relativ selten
gespielt, die Variante 3...d5 4.cxd5 Nxd5 5.Bg2 Nb6 ist populärer.} 4. Bg2 O-O
5. e4 {Weiß hat keine Angst von der Schwächung des d4-Feldes, er kontrolliert
dafür den d5-Punkt und möchte eine starke Zentrumstellung aufbauen.} (5. Nf3)
5... Nc6 (5... Bxc3) 6. Nge2 d6 7. O-O Bc5 {[%csl Yd4]} 8. h3 (8. d3 Bd7 9. h3
Nd4 10. Be3 Nxe2+ 11. Qxe2 Bxe3 12. Qxe3 a5 13. f4 h6 14. d4 Re8 15. fxe5 dxe5
16. d5 c6 17. c5 $14 {0-1 Bertok,M-Medancic,R/Zagreb 1993/EXT 2002 (60)}) 8...
Re8 (8... a6 9. d3 Rb8 (9... Bd7 10. Kh2 Nd4 11. f4 h6 12. a4 Rb8 13. a5 $14 {
1-0 Lalic,B-Komarov,D/Benasque 1994/CBM 44/[Komarov] (44)}) 10. Kh2 b5 11. b3
Nd4 12. Be3 Re8 13. Qd2 Bd7 14. Nd5 bxc4 15. bxc4 Nxd5 16. cxd5 Bb4 17. Qd1
Nxe2 18. Qxe2 c5 19. dxc6 Bxc6 {1/2-1/2 Allahverdiev,A-Godjaev,G/Baku 1996/EXT
2000 (34)}) (8... Be6 9. d3 a6 (9... Nd4 10. Nxd4 Bxd4 11. Kh2 c6 12. f4 Qb6
13. Qf3 Rad8 14. Ne2 d5 15. exd5 cxd5 16. Nxd4 Qxd4 17. fxe5 Qxe5 18. Bf4 Qxb2
19. Qe3 dxc4 20. dxc4 Bxc4 {0-1 Kniest,O-Berelovich,A/Meisdorf 1996/EXT 97 (40)
}) 10. Kh2 Nd4 11. f4 b5 12. Nd5 Nd7 13. b4 Nxe2 14. bxc5 Nxc1 15. cxd6 cxd6
16. Rxc1 bxc4 17. dxc4 Nc5 {0-1 Rorvik,J-Turov,M/Copenhagen 2002/CBM 89 ext 
(43)}) 9. d3 Nd4 10. Be3 (10. Nxd4 Bxd4 11. Ne2 Bb6 12. Kh2 $13 {[%cal Gf2f4]})
10... Nxe2+ (10... c6 $5) 11. Qxe2 c6 (11... Bxe3 {Ftacnik} 12. Qxe3 c6 13. f4
a6 14. b4 b5 $13) 12. Bxc5 $1 {[%mdl 32] Es scheint, dass Weiß mit diesem Zug
nur dem Gegner hilft und die schwarze Bauernstruktur verstärkt, aber Weiß
beschäftigt sich nicht mit der theoretische Schwächung des d4-Punktes, er
möchte am Königsflügel angreifen.} dxc5 13. f4 $36 {[%cal Gf1f7]} exf4 {
'?!' Ftacnik. Ftacnik: 'Black is now allowing the opponent to hope for some
advantage, there was simply no reason to give up the control of the e5 square.
' Schwarz öffnet die Stellung, aber es wäre wohl besser die Stellung
geschlossen zu halten.} (13... Qd6 $5) (13... Nd7 {Ftacnik} 14. Qe3 Qe7 $13)
14. gxf4 {[%csl Ge4,Gf4]} Nd7 {[%cal Gd7f8,Gf8e6,Ge6d4] Schwarz zielt auf das
d4-Feld mit dem Springer.} (14... Qd4+ {Ftacnik} 15. Kh1 Rb8 16. Qf3 Nd7 17. e5
f6 18. Rae1 $14) 15. Qf2 {[%cal Gf2c5] Weiß verlässt die e-Linie und
kontrolliert den c5-Bauern.} Nf8 $5 (15... f6 {Ftacnik} 16. Rad1 Qe7 17. Qg3
Qd6 18. Ne2 Nb6 $13) 16. Rad1 (16. Qxc5 Qxd3 17. Rad1 Ne6 (17... Qc2 $2 {
Ftacnik} 18. Rf2 $18) (17... Qg3 {Ftacnik} 18. Rf3 Qh4 19. Qf2 $14) (17... Qc2
$2 18. Rf2 $18) 18. Rxd3 Nxc5 19. Rd6 a5 $11) 16... Ne6 17. e5 {[%csl Yd6]
[%cal Gc3e4,Ge4d6]} Nd4 {[%csl Gd4] Schwarz hat eine starke Springerstellung
auf d4, aber das ist alles - es ist Weiß, der seine Stellung verbessern kann.}
(17... Qd4 {Ftacnik} 18. Qxd4 Nxd4 19. Ne4 $14) 18. Ne4 {[%cal Ge4d6]} Qe7 (
18... Qb6 {Ftacnik} 19. Nd6 Rf8 20. f5 f6 21. e6 $14) 19. b4 $1 {Ftacnik:
'Excellent undermining of the black's pawn structure. The knight on d4 will
not be able to compensate all the negative factors of the position.'} b6 20.
bxc5 bxc5 21. Nd6 {[%csl Gd6] Weiß hat die bessere Bauernstruktur, die
schwarze Doppelbauern auf der c-Linie sind immer schwach. Der d6N steht
ausgezeichnet.} Rd8 22. Rde1 {[%cal Gf4f5] Schwarz muss nun mit f4-f5 rechnen.}
f6 {'?' Ftacnik.} (22... Rb8 23. f5 $36 (23. Rb1 {Ftacnik} Bd7 $14)) 23. Qh4 {
[%cal Gh4d8] '!' Ftacnik.} Qf8 (23... Nf5 {Ftacnik} 24. Nxf5 Bxf5 25. Bxc6 $16)
24. Ne4 Nf5 (24... Bf5 $142 25. exf6 Rd7 $14) (24... Nc2 {Ftacnik} 25. Rb1 f5
26. Nd6 Rxd6 27. exd6 Qxd6 28. Qf2 Nd4 29. Qe3 $16) 25. Qf2 Nd4 $6 (25... Rd4
$5 26. exf6 {Ftacnik} gxf6 27. Kh1 Kh8 28. Rg1 Rb8 $14) (25... Rxd3 {Ftacnik}
26. Nxc5 Rg3 27. Kh2 $18) 26. exf6 $16 g6 (26... gxf6 27. Qh4 $16 Kg7 {Ftacnik}
28. Nxf6 $1 Qxf6 29. Re7+ $18) 27. Qh4 Bf5 (27... Nc2 $2 {Ftacnik} 28. f7+ $1
Kxf7 (28... Kg7 29. Qf6+ Kh6 30. f5 $18) 29. Ng5+ $18) (27... Nf5 {Ftacnik} 28.
f7+ Kh8 (28... Kg7 29. Qf6+ Kh6 30. Nf2 Nd4 31. Re5 $18) 29. Qf6+ Ng7 30. Nd6
$18) 28. Ng5 h6 (28... h5 {Ftacnik} 29. f7+ Kh8 30. Be4 $16) 29. Nh7 $1 {
[%mdl 512] Ftacnik: 'The phantasy in the attack can not do any harm, white
pieces will quickly gain access to the black king.' Mit diesem schönen
Springeropfer gewinnt Weiß Material.} (29. Nf7 Qxf7 30. Re7 Qf8 (30... Bxd3 {
Ftacnik} 31. Rxf7 Kxf7 32. Qxh6 $18) 31. Rg7+ Qxg7 32. fxg7 $16) 29... Kxh7 30.
Re7+ Kh8 31. Rg7 h5 (31... Qxg7 32. fxg7+ Kxg7 33. Qe7+ Kg8 34. Rb1 $18) 32.
Qg5 {[%cal Rg5h6,Rh6h8]} Qxg7 {Schwarz hat nichts Besseres, er muss die Dame
opfern.} 33. fxg7+ Kxg7 34. Re1 {[%cal Re1e7,Re7g7]} Re8 35. Re7+ Kg8 36. Qf6
Ne2+ 37. Kh2 (37. Rxe2 $2 Rxe2 38. Qxc6 (38. Bxc6 Rb8 $132) 38... Rb8 $132) (
37. Kf2 Rxe7 38. Qxe7 Nxf4 39. Bxc6 Rf8 40. Ke3 $18) 37... Rxe7 38. Qxe7 Nxf4
39. Bxc6 $18 Rf8 40. Qxc5 {Ftacnik: 'Kobalija is not only lacking material
compensation for the queen, he will not find time to liquidate white d pawn.'}
Rf7 (40... Nxd3 41. Bd5+ $18) (40... Bxd3 41. Bd5+ Nxd5 42. Qxd5+ $18) 41. Bd5
Nxd5 42. Qxd5 {[%csl Gc4,Gd3][%cal Gd5g8]} Kg7 43. c5 Re7 44. h4 Re2+ 45. Kg1
Rc2 46. c6 Kf6 47. d4 Rd2 48. Qe5+ Kf7 49. d5 Rxa2 50. d6 1-0

[Event "Belgrade Investbank"]
[Site "Belgrade"]
[Date "1991.??.??"]
[Round "?"]
[White "Damljanovic, Branko"]
[Black "Sokolov, Ivan"]
[Result "1-0"]
[WhiteElo "2585"]
[BlackElo "2570"]
[Annotator "Ribli,Z"]
[PlyCount "149"]
[EventDate "1991.11.??"]
[EventType "tourn"]
[EventRounds "11"]
[EventCountry "YUG"]
[EventCategory "15"]
[SourceTitle "CBM 027"]
[Source "ChessBase"]
[SourceDate "1992.04.01"]
[SourceVersion "1"]
[SourceVersionDate "1992.04.01"]
[SourceQuality "1"]

1. g3 g6 2. Bg2 Bg7 3. c4 e5 4. Nc3 Nc6 5. e3 f5 6. Nge2 Nf6 7. d3 O-O 8. O-O
Kh8 9. b3 (9. Rb1 a5 10. b3 d6 11. Bb2 g5 12. f4 Ng4 13. Nd5 Nb4 14. Qd2 gxf4
15. exf4 c6 16. Nxb4 axb4 17. h3 Nh6 18. Ra1 c5 19. a3 $14 {Petursson,
M-Perovic,D Wien op 1990 CBM/21 50/21}) 9... Ne7 10. d4 e4 11. f3 d5 12. Ba3 c6
13. cxd5 cxd5 14. Qd2 a6 15. Rac1 Re8 16. f4 b6 17. Rc2 Bb7 18. Na4 Nc6 19.
Rfc1 Re6 20. Nec3 Rc8 21. Bf1 h6 22. Be2 h5 23. h4 Na7 24. Nd1 Rec6 $10 25.
Rxc6 Nxc6 26. Nf2 Na7 27. Rxc8 Nxc8 28. Nh3 Nh7 29. Qc3 Kg8 30. Kf2 Bf8 31.
Bxf8 Kxf8 32. Ke1 Qd6 33. Kd1 Ke7 34. Kc2 Kd7 35. Kb2 Kd8 36. Qe1 Na7 37. Qf1
a5 38. a3 Kc7 39. Qe1 Bc6 40. Nc3 Kb8 41. Bf1 Qd7 42. Ng5 Nxg5 43. fxg5 Qd6 44.
Qf2 Be8 45. Be2 Bd7 46. Qe1 Kb7 47. Bf1 Kb8 48. a4 Kb7 49. Qe2 Kb8 50. Qf2 Kb7
51. Be2 Nc6 $2 (51... Kb8) 52. Nb5 Qb8 53. Qf4 $1 Qxf4 54. gxf4 Ne7 55. Nd6+
Kc7 56. Nf7 Be8 57. Ne5 Kd8 58. Ba6 Nc6 59. Kc3 Nxe5 60. dxe5 Bc6 61. Be2 Ke7
62. Bd1 $1 Kd7 63. b4 axb4+ 64. Kxb4 d4 65. exd4 Bd5 66. Be2 Kc7 67. Bb5 Bf7
68. Kc3 Kd8 69. Kb4 Kc7 70. d5 $1 Bxd5 71. Be8 e3 72. Kc3 Bb3 73. Kd3 Kd8 74.
Bxg6 Bxa4 75. Kxe3 1-0

[Event "Cappelle"]
[Site "Cappelle la Grande"]
[Date "1994.??.??"]
[Round "3"]
[White "Bauer, Christian"]
[Black "Lane, Gary William"]
[Result "1-0"]
[WhiteElo "2420"]
[BlackElo "2440"]
[Annotator "Ribli,Z"]
[PlyCount "75"]
[EventDate "1994.07.??"]
[EventType "tourn"]
[EventRounds "9"]
[EventCountry "FRA"]
[EventCategory "10"]
[SourceTitle "CBM 044"]
[Source "ChessBase"]
[SourceDate "1995.02.01"]
[SourceVersion "1"]
[SourceVersionDate "1995.02.01"]
[SourceQuality "1"]

1. g3 e5 2. Bg2 Nc6 3. c4 g6 4. Nc3 Bg7 5. e3 f5 6. d3 Nf6 7. Nge2 O-O 8. O-O
d6 9. Rb1 Be6 (9... a5 10. b3 $1 $14 {Winants,L-Nijboer,F/Tilburg/1992/CBM32/})
(9... Ne7 10. b3 $5 {Petursson,M-Berg,K/Akureyri/1994/CBM40/}) 10. Nd5 (10. b4
a6 $5 (10... d5 $6 11. b5 Ne7 12. Ba3 Rf7 13. d4 $1 e4 14. Nf4 $14 {Chernin,
A-Plaskett,J/Groningen/1979/INF29,71/}) 11. a4 d5 12. b5 axb5 13. axb5 Ne7 $13)
10... Qd7 (10... Bf7 11. Nec3 Nxd5 12. Nxd5 Rb8 13. b4 b5 $13 {Balster,
S-Kishnev,S/Gelsenkirchen/1991/CBM25/}) 11. b4 a6 (11... Rae8 12. b5 Nd8 13.
Qa4 a6 $13 {Chiburdanidze,M-Gallegher,J/Biel-B/1990/CBM19/}) 12. a4 Rab8 (12...
Rae8 13. b5 axb5 14. axb5 Nd8 15. Ba3 $14) 13. b5 axb5 14. axb5 Ne7 (14... Nd8
15. Ba3 $14) 15. Nxe7+ Qxe7 16. Ba3 e4 17. Rc1 exd3 18. Qxd3 (18. Nf4 $5 Bf7
19. Qxd3 Nd7 20. Nd5 $14) 18... Nd7 19. Nf4 Ne5 20. Qe2 Bf7 21. c5 $1 $14 Ra8
22. Bb4 g5 (22... Ra4 23. cxd6 cxd6 24. Qd2 Nc4 $2 25. Nd5 $18) 23. Nd5 Qd8 24.
cxd6 cxd6 25. Rfd1 Kh8 26. Nc3 Bc4 27. Qc2 Rf6 28. Nd5 $1 Rh6 (28... Bxd5 29.
Rxd5 $16) 29. Qxf5 Be2 30. Rd2 Bxb5 31. Nc7 Bd7 32. Qb1 Rc8 33. Nd5 Rxc1+ 34.
Qxc1 Bc6 35. Bc3 Qe8 36. Qa1 $1 g4 37. Ra2 $1 Qf7 38. Ra8+ $138 (38. Ra8+ Bf8 (
38... Be8 39. Nc7 $18) 39. Bxe5+ dxe5 40. Qxe5+ Kg8 41. Ne7+ $18) 1-0